[Event "Blitz 2018"]
[Site "Saint-Petersburg"]
[Date "2018.12.29"]
[Round "5"]
[Board "92"]
[White "Al Turky Fahad A (KSA)"]
[Black "Eliseev Alexei (RUS)"]
[Result "0-1"]
[BlackElo "2486"]
[WhiteElo "1851"]
[LiveChessVersion "1.4.8"]

1. d4 {[%clk 0:03:02]} g6 {[%clk 0:03:03]} 2. c4 {[%clk 0:03:03]} Bg7
{[%clk 0:03:04]} 3. Nc3 {[%clk 0:03:04]} c5 {[%clk 0:03:05]} 4. d5
{[%clk 0:03:04]} Bxc3+ {[%clk 0:03:05]} 5. bxc3 {[%clk 0:03:03]} f5
{[%clk 0:03:06]} 6. Nf3 {[%clk 0:02:58]} Qa5 {[%clk 0:03:06]} 7. Qc2
{[%clk 0:02:48]} d6 {[%clk 0:03:07]} 8. g3 {[%clk 0:02:29]} Nd7 {[%clk 0:03:07]}
9. Bd2 {[%clk 0:02:20]} Nb6 {[%clk 0:03:07]} 10. e4 {[%clk 0:02:18]} fxe4
{[%clk 0:03:06]} 11. Qxe4 {[%clk 0:02:14]} Nf6 {[%clk 0:03:07]} 12. Qh4
{[%clk 0:01:48]} Bg4 {[%clk 0:03:07]} 13. Ng5 {[%clk 0:01:20]} h6
{[%clk 0:02:54]} 14. Ne6 {[%clk 0:01:19]} Bxe6 {[%clk 0:02:54]} 15. dxe6
{[%clk 0:01:20]} O-O-O {[%clk 0:02:55]} 16. Bd3 {[%clk 0:01:16]} g5
{[%clk 0:02:56]} 17. Qh3 {[%clk 0:01:13]} d5 {[%clk 0:02:55]} 18. O-O
{[%clk 0:00:38]} dxc4 {[%clk 0:02:55]} 19. Bxc4 {[%clk 0:00:25]} Nxc4
{[%clk 0:02:55]} 20. Be3 {[%clk 0:00:20]} Nxe3 {[%clk 0:02:45]} 21. fxe3
{[%clk 0:00:21]} Qxc3 {[%clk 0:02:46]} 22. g4 {[%clk 0:00:15]} Rd2
{[%clk 0:02:42]} 23. Rab1 {[%clk 0:00:14]} Qc4 {[%clk 0:02:12]} 24. Qf3
{[%clk 0:00:06]} Qxg4+ {[%clk 0:02:07]} 25. Qxg4 {[%clk 0:00:06]} Nxg4
{[%clk 0:02:07]} 26. Rf7 Re8 27. Rc1 {[%clk 0:00:04]} b6 {[%clk 0:02:09]} 28. a4
{[%clk 0:00:05]} Nxe3 {[%clk 0:02:07]} 29. a5 {[%clk 0:00:05]} Kc7
{[%clk 0:02:02]} 30. axb6+ axb6 31. Re1 {[%clk 0:00:03]} Nd5 {[%clk 0:02:02]} 32.
Rh7 {[%clk 0:00:03]} Rf8 {[%clk 0:01:59]} 33. Rxh6 {[%clk 0:00:03]} Rff2
{[%clk 0:02:00]} 34. Kh1 {[%clk 0:00:03]} Nf4 {[%clk 0:01:59]} 35. Rh7 Kd6 36. h4
{[%clk 0:00:03]} Rh2+ {[%clk 0:02:00]} 37. Kg1 {[%clk 0:00:04]} Nh3+
{[%clk 0:02:01]} 38. Kf1 {[%clk 0:00:05]} Rh1# 0-1

[Event "Blitz 2018"]
[Site "Saint-Petersburg"]
[Date "2018.12.29"]
[Round "5"]
[Board "93"]
[White "Khayat Abdullah F (KSA)"]
[Black "Bocharov Ivan (RUS)"]
[Result "0-1"]
[BlackElo "2715"]
[WhiteElo "1709"]
[LiveChessVersion "1.4.8"]

1. d4 d5 2. Nd2 Nf6 3. g3 Bf5 4. Ngf3 e6 5. Nh4 Bg6 6. Nxg6 hxg6 7. Bg2 c5 8. c3
Nc6 9. O-O cxd4 10. cxd4 Nxd4 11. Qa4+ Nc6 12. e4 Be7 13. exd5 Nxd5 14. Rd1 O-O
15. Nf1 Qb6 16. Bd2 Rfd8 17. Be1 Bf6 18. Rab1 Ndb4 19. Rxd8+ Rxd8 20. a3 Nd3 21.
Qc2 Nce5 22. Be4 Qd4 23. Bc3 Qxe4 24. Bxe5 Bxe5 25. Qd2 0-1

[Event "Blitz 2018"]
[Site "Saint-Petersburg"]
[Date "2018.12.29"]
[Round "5"]
[Board "94"]
[White "Iljin Artem (RUS)"]
[Black "Minko Vladimir (RUS)"]
[Result "1/2-1/2"]
[BlackElo "2403"]
[WhiteElo "2525"]
[LiveChessVersion "1.4.8"]

1. Nf3 {[%clk 0:03:03]} c5 {[%clk 0:03:03]} 2. c4 {[%clk 0:03:03]} Nc6
{[%clk 0:03:04]} 3. Nc3 {[%clk 0:03:04]} e5 {[%clk 0:03:03]} 4. e3
{[%clk 0:03:03]} Nf6 {[%clk 0:02:57]} 5. d4 {[%clk 0:03:01]} e4 {[%clk 0:02:57]}
6. Nd2 {[%clk 0:02:55]} cxd4 {[%clk 0:02:46]} 7. exd4 {[%clk 0:02:55]} Nxd4
{[%clk 0:02:44]} 8. Ndxe4 {[%clk 0:02:45]} Nxe4 {[%clk 0:02:40]} 9. Qxd4
{[%clk 0:02:14]} Nc5 {[%clk 0:02:02]} 10. Be3 {[%clk 0:01:56]} Ne6
{[%clk 0:02:02]} 11. Qd2 {[%clk 0:01:52]} Bc5 {[%clk 0:01:54]} 12. Be2
{[%clk 0:01:47]} O-O {[%clk 0:01:52]} 13. O-O {[%clk 0:01:46]} b6
{[%clk 0:01:47]} 14. Bf3 {[%clk 0:01:30]} Rb8 {[%clk 0:01:45]} 15. Rad1
{[%clk 0:01:30]} Bxe3 {[%clk 0:01:39]} 16. Qxe3 {[%clk 0:01:31]} Bb7
{[%clk 0:01:38]} 17. Bxb7 {[%clk 0:01:29]} Rxb7 {[%clk 0:01:39]} 18. Rd2
{[%clk 0:01:24]} a6 {[%clk 0:01:24]} 19. Ne4 {[%clk 0:01:07]} Rc7
{[%clk 0:01:13]} 20. b3 {[%clk 0:00:37]} b5 {[%clk 0:01:13]} 21. cxb5
{[%clk 0:00:34]} axb5 {[%clk 0:01:14]} 22. Rfd1 {[%clk 0:00:35]} Qa8
{[%clk 0:01:09]} 23. g3 {[%clk 0:00:19]} Ra7 {[%clk 0:01:02]} 24. Qe2
{[%clk 0:00:08]} b4 {[%clk 0:01:01]} 25. Nd6 {[%clk 0:00:08]} Ng5
{[%clk 0:00:57]} 26. Rd5 {[%clk 0:00:05]} Rxa2 {[%clk 0:00:55]} 27. Qg4
{[%clk 0:00:06]} Ne6 {[%clk 0:00:54]} 28. Qxb4 {[%clk 0:00:06]} Ra1
{[%clk 0:00:48]} 29. Rxa1 {[%clk 0:00:04]} Qxa1+ {[%clk 0:00:41]} 30. Kg2
{[%clk 0:00:06]} h5 {[%clk 0:00:32]} 31. h4 {[%clk 0:00:07]} Qa8 {[%clk 0:00:22]}
32. Qe4 {[%clk 0:00:06]} Rb8 {[%clk 0:00:20]} 33. Rd3 {[%clk 0:00:06]} Qa2
{[%clk 0:00:14]} 34. b4 {[%clk 0:00:06]} Qc2 {[%clk 0:00:14]} 35. b5
{[%clk 0:00:06]} Nc5 {[%clk 0:00:12]} 36. Qd5 {[%clk 0:00:05]} Qxd3
{[%clk 0:00:11]} 37. Qxc5 {[%clk 0:00:06]} Qe2 {[%clk 0:00:10]} 38. b6
{[%clk 0:00:07]} Qe6 {[%clk 0:00:08]} 39. Qc7 {[%clk 0:00:08]} Rf8
{[%clk 0:00:05]} 40. b7 {[%clk 0:00:09]} Qd5+ {[%clk 0:00:06]} 41. Kg1
{[%clk 0:00:10]} Qd1+ {[%clk 0:00:07]} 42. Kg2 {[%clk 0:00:11]} Qd5+
{[%clk 0:00:07]} 43. Kg1 {[%clk 0:00:11]} Qd1+ {[%clk 0:00:08]} 44. Kg2
{[%clk 0:00:12]} Qd5+ {[%clk 0:00:07]} 45. Kh2 {[%clk 0:00:13]} Qd4
{[%clk 0:00:06]} 46. Kg1 {[%clk 0:00:12]} Qd1+ {[%clk 0:00:07]} 47. Kg2
{[%clk 0:00:13]} Qd5+ {[%clk 0:00:07]} 48. Kh2 {[%clk 0:00:14]} Qd4
{[%clk 0:00:07]} 49. Kg1 {[%clk 0:00:10]} Qd1+ {[%clk 0:00:08]} 50. Kg2
{[%clk 0:00:11]} Qd5+ {[%clk 0:00:08]} 51. Kg1 {[%clk 0:00:10]} 1/2-1/2

[Event "Blitz 2018"]
[Site "Saint-Petersburg"]
[Date "2018.12.29"]
[Round "5"]
[Board "95"]
[White "Zaitsev Alexander (RUS)"]
[Black "Sokolov Andrei (LAT)"]
[Result "0-1"]
[BlackElo "2507"]
[WhiteElo "2402"]
[LiveChessVersion "1.4.8"]

1. e4 {[%clk 0:03:03]} c6 {[%clk 0:03:04]} 2. d4 {[%clk 0:03:03]} d5
{[%clk 0:03:05]} 3. Nc3 {[%clk 0:03:05]} dxe4 {[%clk 0:03:05]} 4. Nxe4
{[%clk 0:03:06]} Nd7 {[%clk 0:03:05]} 5. Qe2 {[%clk 0:03:01]} e6 {[%clk 0:03:06]}
6. Bf4 {[%clk 0:02:57]} Ndf6 {[%clk 0:02:58]} 7. O-O-O {[%clk 0:02:49]} Nxe4
{[%clk 0:02:55]} 8. Qxe4 {[%clk 0:02:51]} Qd5 {[%clk 0:02:50]} 9. Qxd5
{[%clk 0:02:24]} cxd5 {[%clk 0:02:52]} 10. Nf3 {[%clk 0:02:23]} Ne7
{[%clk 0:02:39]} 11. Kb1 {[%clk 0:02:08]} Bd7 {[%clk 0:02:31]} 12. Ne5
{[%clk 0:02:08]} Nc6 {[%clk 0:02:29]} 13. c4 {[%clk 0:01:59]} Nxe5
{[%clk 0:02:17]} 14. Bxe5 {[%clk 0:01:49]} f6 {[%clk 0:02:02]} 15. Bg3
{[%clk 0:01:50]} Bc6 {[%clk 0:01:59]} 16. c5 {[%clk 0:01:51]} a5 {[%clk 0:01:48]}
17. Bd3 {[%clk 0:01:35]} Kd7 {[%clk 0:01:40]} 18. h4 {[%clk 0:01:35]} Be7
{[%clk 0:01:31]} 19. h5 {[%clk 0:01:34]} b6 {[%clk 0:01:13]} 20. cxb6
{[%clk 0:01:18]} Bd8 {[%clk 0:01:14]} 21. Rhe1 {[%clk 0:00:54]} Bxb6
{[%clk 0:01:15]} 22. Be2 {[%clk 0:00:55]} Rhe8 {[%clk 0:01:05]} 23. Bg4
{[%clk 0:00:53]} Bb5 {[%clk 0:00:46]} 24. Re3 {[%clk 0:00:46]} a4
{[%clk 0:00:44]} 25. Rde1 {[%clk 0:00:42]} f5 {[%clk 0:00:44]} 26. Rxe6
{[%clk 0:00:05]} Bd3+ {[%clk 0:00:42]} 0-1

[Event "Blitz 2018"]
[Site "Saint-Petersburg"]
[Date "2018.12.29"]
[Round "5"]
[Board "96"]
[White "Kobo Ori (ISR)"]
[Black "Belyakov Bogdan (RUS)"]
[Result "0-1"]
[BlackElo "2448"]
[WhiteElo "2401"]
[LiveChessVersion "1.4.8"]

1. Nf3 {[%clk 0:03:03]} Nf6 {[%clk 0:03:03]} 2. c4 {[%clk 0:03:04]} g6
{[%clk 0:03:04]} 3. g3 {[%clk 0:03:05]} Bg7 {[%clk 0:03:05]} 4. Bg2
{[%clk 0:03:06]} c5 {[%clk 0:03:05]} 5. Nc3 {[%clk 0:03:03]} Nc6 {[%clk 0:03:06]}
6. O-O {[%clk 0:03:02]} O-O {[%clk 0:03:06]} 7. d4 {[%clk 0:03:00]} d6
{[%clk 0:03:07]} 8. d5 {[%clk 0:02:47]} Na5 {[%clk 0:03:07]} 9. Nd2
{[%clk 0:02:48]} a6 {[%clk 0:03:07]} 10. Qc2 {[%clk 0:02:46]} Rb8
{[%clk 0:03:08]} 11. Rb1 {[%clk 0:02:31]} b5 {[%clk 0:03:08]} 12. cxb5
{[%clk 0:02:32]} axb5 13. b4 cxb4 {[%clk 0:02:59]} 14. Rxb4 {[%clk 0:02:35]} Bd7
{[%clk 0:02:54]} 15. Qd3 {[%clk 0:02:23]} Qe8 {[%clk 0:02:15]} 16. Ba3
{[%clk 0:02:18]} Ng4 {[%clk 0:02:13]} 17. f4 {[%clk 0:01:19]} Qc8
{[%clk 0:02:11]} 18. Nce4 {[%clk 0:01:11]} Qa6 {[%clk 0:02:10]} 19. h3
{[%clk 0:01:04]} Qa7+ {[%clk 0:02:10]} 20. Kh1 {[%clk 0:01:04]} Ne3 21. Rfb1 Rbc8
{[%clk 0:01:49]} 22. Bb2 {[%clk 0:01:03]} Bxb2 {[%clk 0:01:42]} 23. R4xb2
{[%clk 0:01:05]} Rc7 {[%clk 0:01:24]} 24. Nf3 {[%clk 0:00:50]} Nac4 25. Rb3 Qxa2
{[%clk 0:01:14]} 26. Nd4 {[%clk 0:00:50]} Nxg2 {[%clk 0:00:57]} 27. Kxg2
{[%clk 0:00:51]} Qa8 {[%clk 0:00:41]} 28. Nxb5 {[%clk 0:00:43]} Bxb5
{[%clk 0:00:42]} 29. Rxb5 {[%clk 0:00:45]} Rfc8 {[%clk 0:00:43]} 30. Kh2
{[%clk 0:00:33]} Qa2 {[%clk 0:00:39]} 31. Nc3 {[%clk 0:00:30]} Qd2
{[%clk 0:00:36]} 32. Rb8 {[%clk 0:00:23]} Qxd3 33. exd3 {[%clk 0:00:24]} Ne3
{[%clk 0:00:32]} 34. Rxc8+ {[%clk 0:00:24]} Rxc8 {[%clk 0:00:34]} 35. Rb3
{[%clk 0:00:22]} Rc5 {[%clk 0:00:33]} 36. Kg1 {[%clk 0:00:09]} Nxd5
{[%clk 0:00:33]} 37. Nxd5 {[%clk 0:00:09]} Rxd5 38. Kf2 f5 {[%clk 0:00:32]} 39.
Ke3 {[%clk 0:00:09]} Ra5 {[%clk 0:00:32]} 40. Rb7 {[%clk 0:00:08]} Kf7
{[%clk 0:00:33]} 41. g4 {[%clk 0:00:09]} Ra1 {[%clk 0:00:32]} 42. Kf3
{[%clk 0:00:08]} Rh1 {[%clk 0:00:31]} 43. Kg3 {[%clk 0:00:08]} Rd1
{[%clk 0:00:32]} 44. Rb3 {[%clk 0:00:10]} Ke6 {[%clk 0:00:33]} 45. Kf3
{[%clk 0:00:09]} Kd5 {[%clk 0:00:32]} 46. gxf5 {[%clk 0:00:05]} gxf5
{[%clk 0:00:33]} 47. h4 {[%clk 0:00:04]} h5 {[%clk 0:00:33]} 48. Ke3
{[%clk 0:00:04]} Rh1 {[%clk 0:00:33]} 49. Rb7 {[%clk 0:00:05]} Ke6
{[%clk 0:00:33]} 50. Rb8 {[%clk 0:00:05]} Rxh4 {[%clk 0:00:34]} 51. Rh8
{[%clk 0:00:05]} Rh3+ {[%clk 0:00:33]} 52. Kd4 {[%clk 0:00:05]} Rf3
{[%clk 0:00:31]} 53. Rh6+ {[%clk 0:00:06]} Kd7 {[%clk 0:00:29]} 54. Rxh5
{[%clk 0:00:07]} Rxf4+ {[%clk 0:00:30]} 55. Ke3 {[%clk 0:00:07]} e5
{[%clk 0:00:31]} 56. d4 {[%clk 0:00:04]} Rxd4 {[%clk 0:00:31]} 57. Rxf5
{[%clk 0:00:05]} Ke6 {[%clk 0:00:31]} 58. Rf8 {[%clk 0:00:06]} Ra4
{[%clk 0:00:32]} 59. Re8+ {[%clk 0:00:04]} Kd5 {[%clk 0:00:33]} 60. Kd4+ 0-1

[Event "Blitz 2018"]
[Site "Saint-Petersburg"]
[Date "2018.12.29"]
[Round "5"]
[Board "97"]
[White "Steinberg Nitzan (ISR)"]
[Black "Guimaraes Diogo Duarte (BRA)"]
[Result "1-0"]
[BlackElo "2228"]
[WhiteElo "2447"]
[LiveChessVersion "1.4.8"]

1. e4 {[%clk 0:03:03]} e5 {[%clk 0:03:03]} 2. Nf3 Nc6 3. Bb5 {[%clk 0:03:04]} Nf6
{[%clk 0:03:06]} 4. O-O {[%clk 0:03:03]} Bc5 {[%clk 0:03:04]} 5. c3
{[%clk 0:03:03]} O-O {[%clk 0:03:00]} 6. d4 {[%clk 0:03:01]} Bb6 {[%clk 0:03:01]}
7. Re1 {[%clk 0:02:37]} d6 {[%clk 0:02:43]} 8. h3 {[%clk 0:02:38]} Bd7
{[%clk 0:02:38]} 9. Bf1 {[%clk 0:02:18]} Re8 {[%clk 0:02:39]} 10. d5
{[%clk 0:02:13]} Ne7 {[%clk 0:02:38]} 11. c4 {[%clk 0:02:13]} Ng6
{[%clk 0:02:37]} 12. Nc3 {[%clk 0:02:10]} Nh5 {[%clk 0:02:30]} 13. Be3
{[%clk 0:02:05]} Nhf4 {[%clk 0:02:25]} 14. Kh2 {[%clk 0:02:00]} Qc8
{[%clk 0:01:58]} 15. Rc1 {[%clk 0:01:56]} Nf8 {[%clk 0:01:54]} 16. b4
{[%clk 0:01:53]} a5 {[%clk 0:01:56]} 17. c5 {[%clk 0:01:44]} axb4
{[%clk 0:01:46]} 18. cxb6 {[%clk 0:01:45]} bxc3 {[%clk 0:01:47]} 19. Rxc3
{[%clk 0:01:46]} c5 {[%clk 0:01:47]} 20. dxc6 {[%clk 0:01:44]} Bxc6
{[%clk 0:01:46]} 21. Bxf4 {[%clk 0:01:39]} exf4 {[%clk 0:01:47]} 22. Qxd6
{[%clk 0:01:39]} Rxa2 {[%clk 0:01:37]} 23. Bc4 {[%clk 0:01:21]} Ne6
{[%clk 0:01:18]} 24. Bxa2 {[%clk 0:01:19]} 1-0

[Event "Blitz 2018"]
[Site "Saint-Petersburg"]
[Date "2018.12.29"]
[Round "5"]
[Board "98"]
[White "Perdomo Carlos Andres (COL)"]
[Black "Chen Qi B (CHN)"]
[Result "0-1"]
[BlackElo "2416"]
[WhiteElo "2301"]
[LiveChessVersion "1.4.8"]

1. c4 {[%clk 0:03:03]} Nf6 {[%clk 0:03:03]} 2. Nc3 {[%clk 0:03:03]} g6
{[%clk 0:03:04]} 3. g3 {[%clk 0:03:04]} Bg7 {[%clk 0:03:05]} 4. Bg2
{[%clk 0:03:05]} O-O {[%clk 0:03:05]} 5. Nf3 {[%clk 0:03:06]} d6 {[%clk 0:03:06]}
6. d4 {[%clk 0:03:06]} Nc6 {[%clk 0:03:06]} 7. O-O {[%clk 0:03:01]} e5
{[%clk 0:03:07]} 8. h3 {[%clk 0:02:49]} exd4 {[%clk 0:03:00]} 9. Nxd4
{[%clk 0:02:49]} Nxd4 {[%clk 0:03:01]} 10. Qxd4 {[%clk 0:02:50]} Nd7
{[%clk 0:03:02]} 11. Qd2 {[%clk 0:02:44]} Nc5 {[%clk 0:03:03]} 12. b3
{[%clk 0:02:29]} a5 {[%clk 0:03:04]} 13. Bb2 {[%clk 0:02:29]} a4 {[%clk 0:02:49]}
14. Nd5 {[%clk 0:02:10]} c6 {[%clk 0:02:21]} 15. Bxg7 {[%clk 0:02:02]} Kxg7
{[%clk 0:02:22]} 16. Qc3+ {[%clk 0:01:39]} f6 {[%clk 0:02:21]} 17. Nf4
{[%clk 0:01:34]} axb3 {[%clk 0:01:47]} 18. axb3 {[%clk 0:01:35]} Rxa1
{[%clk 0:01:47]} 19. Rxa1 {[%clk 0:01:35]} Qb6 {[%clk 0:01:44]} 20. b4
{[%clk 0:01:23]} Ne6 {[%clk 0:01:44]} 21. Nxe6+ {[%clk 0:00:56]} Bxe6
{[%clk 0:01:45]} 22. c5 {[%clk 0:00:51]} Qc7 {[%clk 0:01:18]} 23. cxd6
{[%clk 0:00:39]} Qxd6 {[%clk 0:01:19]} 24. Kh2 {[%clk 0:00:33]} Rf7
{[%clk 0:01:19]} 25. e3 {[%clk 0:00:30]} Rd7 {[%clk 0:01:06]} 26. Ra8
{[%clk 0:00:20]} Bf7 {[%clk 0:00:50]} 27. Qa3 {[%clk 0:00:17]} Qe7
{[%clk 0:00:45]} 28. Qa5 {[%clk 0:00:16]} Rd2 {[%clk 0:00:40]} 29. Kg1
{[%clk 0:00:12]} Rd1+ {[%clk 0:00:33]} 30. Kh2 {[%clk 0:00:13]} Rb1
{[%clk 0:00:30]} 31. Ra7 {[%clk 0:00:12]} Qxb4 {[%clk 0:00:27]} 32. Qc7
{[%clk 0:00:12]} Qb6 {[%clk 0:00:21]} 33. Qxb6 {[%clk 0:00:08]} Rxb6
{[%clk 0:00:22]} 34. g4 {[%clk 0:00:09]} Rb2 {[%clk 0:00:11]} 35. Kg3
{[%clk 0:00:10]} Kf8 {[%clk 0:00:09]} 36. Be4 {[%clk 0:00:09]} Rb4
{[%clk 0:00:08]} 37. Bf3 {[%clk 0:00:10]} Be6 {[%clk 0:00:06]} 38. h4
{[%clk 0:00:10]} Bf7 {[%clk 0:00:07]} 39. g5 {[%clk 0:00:11]} Kg7
{[%clk 0:00:08]} 40. Bg2 {[%clk 0:00:10]} Rb5 {[%clk 0:00:06]} 41. f4
{[%clk 0:00:11]} Rb3 {[%clk 0:00:07]} 42. Kf2 {[%clk 0:00:12]} Rb2+
{[%clk 0:00:08]} 43. Kg3 {[%clk 0:00:13]} f5 {[%clk 0:00:06]} 44. Bf3
{[%clk 0:00:14]} Rb3 {[%clk 0:00:06]} 45. Kf2 {[%clk 0:00:15]} Rb2+
{[%clk 0:00:05]} 46. Kg3 {[%clk 0:00:16]} Bd5 {[%clk 0:00:04]} 47. Bxd5 cxd5
{[%clk 0:00:05]} 48. Ra5 {[%clk 0:00:18]} b5 {[%clk 0:00:03]} 49. Ra7+
{[%clk 0:00:19]} Kg8 {[%clk 0:00:04]} 50. Rd7 {[%clk 0:00:21]} b4
{[%clk 0:00:05]} 51. Rxd5 b3 52. Rb5 {[%clk 0:00:23]} Rb1 {[%clk 0:00:07]} 53.
Kg2 {[%clk 0:00:23]} Kf7 {[%clk 0:00:09]} 54. Rb6 {[%clk 0:00:24]} b2
{[%clk 0:00:10]} 55. Rb7+ {[%clk 0:00:24]} Ke6 {[%clk 0:00:10]} 56. Rb5
{[%clk 0:00:24]} Kd6 {[%clk 0:00:12]} 57. Rb7 {[%clk 0:00:23]} Kd5
{[%clk 0:00:12]} 58. Rb4 {[%clk 0:00:21]} Kc5 {[%clk 0:00:13]} 59. Rb8
{[%clk 0:00:21]} Kc4 {[%clk 0:00:14]} 60. h5 {[%clk 0:00:21]} gxh5
{[%clk 0:00:14]} 61. Rb7 {[%clk 0:00:22]} Kd3 {[%clk 0:00:15]} 62. Rb3+
{[%clk 0:00:22]} Kc2 {[%clk 0:00:16]} 63. Rb7 {[%clk 0:00:21]} Rd1
{[%clk 0:00:16]} 0-1

[Event "Blitz 2018"]
[Site "Saint-Petersburg"]
[Date "2018.12.29"]
[Round "5"]
[Board "99"]
[White "Mamatov Melis (KGZ)"]
[Black "Al Thebaiti Ahmed M (KSA)"]
[Result "1-0"]
[BlackElo "1976"]
[WhiteElo "2213"]
[LiveChessVersion "1.4.8"]

1. e4 {[%clk 0:03:03]} c6 {[%clk 0:03:03]} 2. d4 {[%clk 0:03:04]} d5
{[%clk 0:03:04]} 3. Nd2 {[%clk 0:03:05]} dxe4 {[%clk 0:03:05]} 4. Nxe4
{[%clk 0:03:07]} Nf6 {[%clk 0:03:06]} 5. Ng3 {[%clk 0:03:03]} h5 {[%clk 0:03:06]}
6. Nf3 {[%clk 0:02:53]} h4 {[%clk 0:03:03]} 7. Ne2 {[%clk 0:02:54]} h3
{[%clk 0:03:02]} 8. Ng3 {[%clk 0:02:46]} hxg2 {[%clk 0:03:00]} 9. Bxg2
{[%clk 0:02:47]} e6 {[%clk 0:02:54]} 10. Bf4 {[%clk 0:02:43]} Bd6
{[%clk 0:02:54]} 11. Bxd6 {[%clk 0:02:42]} Qxd6 {[%clk 0:02:54]} 12. Qd2
{[%clk 0:02:42]} Nbd7 {[%clk 0:02:49]} 13. O-O-O {[%clk 0:02:42]} Nb6
{[%clk 0:02:45]} 14. Qg5 {[%clk 0:02:35]} Rh7 {[%clk 0:02:18]} 15. Rhe1
{[%clk 0:02:30]} Qd5 {[%clk 0:02:13]} 16. Qxd5 {[%clk 0:02:04]} cxd5
{[%clk 0:02:06]} 17. Nf5 {[%clk 0:01:47]} Ne4 {[%clk 0:01:34]} 18. Ng3
{[%clk 0:01:18]} Nxf2 {[%clk 0:01:27]} 19. Rd2 {[%clk 0:01:20]} Ng4
{[%clk 0:01:26]} 20. h3 {[%clk 0:01:20]} Nh6 {[%clk 0:01:19]} 21. b3
{[%clk 0:01:06]} Kf8 {[%clk 0:01:19]} 22. Rde2 {[%clk 0:00:53]} Bd7
{[%clk 0:01:16]} 23. Kb2 {[%clk 0:00:43]} Rc8 {[%clk 0:01:07]} 24. Rf2
{[%clk 0:00:43]} Kg8 {[%clk 0:00:56]} 25. a4 {[%clk 0:00:42]} a5 {[%clk 0:00:56]}
26. Ne5 {[%clk 0:00:39]} Bc6 {[%clk 0:00:49]} 27. Ref1 {[%clk 0:00:39]} Rc7
{[%clk 0:00:48]} 28. Nd3 {[%clk 0:00:24]} Be8 {[%clk 0:00:47]} 29. Re1
{[%clk 0:00:22]} Rc8 {[%clk 0:00:40]} 30. Nc5 {[%clk 0:00:21]} Rb8
{[%clk 0:00:38]} 31. Nd3 {[%clk 0:00:16]} g6 {[%clk 0:00:37]} 32. Rg1
{[%clk 0:00:09]} Kf8 {[%clk 0:00:34]} 33. Re1 {[%clk 0:00:10]} Kg8
{[%clk 0:00:31]} 34. Ne5 {[%clk 0:00:09]} Nf5 {[%clk 0:00:30]} 35. Nxf5
{[%clk 0:00:08]} gxf5 {[%clk 0:00:30]} 36. Rg1 Kf8 37. Re1 {[%clk 0:00:04]} Ke7
{[%clk 0:00:32]} 38. Bf1 {[%clk 0:00:05]} f6 {[%clk 0:00:30]} 39. Nd3
{[%clk 0:00:05]} Bd7 {[%clk 0:00:28]} 40. Rxf5 {[%clk 0:00:06]} Rg8 41. Rf3
{[%clk 0:00:07]} Rg1 {[%clk 0:00:20]} 42. Nc5 {[%clk 0:00:08]} Bc8
{[%clk 0:00:19]} 43. Rfe3 {[%clk 0:00:08]} Kf7 {[%clk 0:00:15]} 44. Nxe6
{[%clk 0:00:09]} Bxe6 {[%clk 0:00:13]} 45. Rxe6 {[%clk 0:00:10]} Rh4
{[%clk 0:00:03]} 46. Rxb6 {[%clk 0:00:08]} Rf4 {[%clk 0:00:00]} 47. Rxb7+ Kg6
{[%clk 0:00:00]} 48. Bd3+ {[%clk 0:00:08]} 1-0

[Event "Blitz 2018"]
[Site "Saint-Petersburg"]
[Date "2018.12.29"]
[Round "5"]
[Board "100"]
[White "Masrahi Abdulrahman A (KSA)"]
[Black "Zhigalko Andrey (BLR)"]
[Result "0-1"]
[BlackElo "2493"]
[WhiteElo "1966"]
[LiveChessVersion "1.4.8"]

1. d4 {[%clk 0:03:01]} Nf6 {[%clk 0:03:04]} 2. Bf4 {[%clk 0:03:02]} d6
{[%clk 0:03:04]} 3. e3 {[%clk 0:03:04]} Nbd7 {[%clk 0:03:04]} 4. Nf3
{[%clk 0:03:04]} Nh5 {[%clk 0:03:05]} 5. Bg5 {[%clk 0:03:04]} h6 {[%clk 0:03:06]}
6. Bh4 {[%clk 0:03:05]} g5 {[%clk 0:03:06]} 7. Nfd2 {[%clk 0:03:06]} Ndf6
{[%clk 0:03:02]} 8. Bg3 {[%clk 0:03:06]} Bg7 {[%clk 0:02:58]} 9. Bd3
{[%clk 0:03:02]} e6 {[%clk 0:02:53]} 10. c4 {[%clk 0:03:00]} c5 {[%clk 0:02:43]}
11. Nc3 {[%clk 0:02:52]} cxd4 {[%clk 0:02:40]} 12. exd4 {[%clk 0:02:52]} O-O
{[%clk 0:02:36]} 13. Qe2 {[%clk 0:02:48]} Nxg3 {[%clk 0:02:11]} 14. hxg3
{[%clk 0:02:49]} d5 {[%clk 0:02:11]} 15. c5 {[%clk 0:02:45]} b6 {[%clk 0:02:09]}
16. b4 {[%clk 0:02:42]} a5 {[%clk 0:02:00]} 17. bxa5 {[%clk 0:02:31]} bxc5
{[%clk 0:02:00]} 18. dxc5 {[%clk 0:02:27]} Qxa5 {[%clk 0:01:56]} 19. Rc1
{[%clk 0:02:17]} e5 {[%clk 0:01:46]} 20. O-O {[%clk 0:02:13]} e4 {[%clk 0:01:45]}
21. Bb1 {[%clk 0:01:56]} Ba6 {[%clk 0:01:40]} 22. Qe1 {[%clk 0:01:22]} Bxf1
{[%clk 0:01:29]} 23. Qxf1 {[%clk 0:01:20]} Rfc8 {[%clk 0:01:22]} 24. Nb3
{[%clk 0:01:20]} Qb4 {[%clk 0:01:22]} 25. Qd1 {[%clk 0:01:16]} Qb7
{[%clk 0:00:56]} 26. Qd4 {[%clk 0:01:08]} Rab8 {[%clk 0:00:40]} 27. Rd1
{[%clk 0:00:51]} Ne8 {[%clk 0:00:14]} 28. Qe3 {[%clk 0:00:33]} Nc7
{[%clk 0:00:13]} 29. Nd4 {[%clk 0:00:26]} Ne6 {[%clk 0:00:10]} 30. Nf5
{[%clk 0:00:18]} d4 {[%clk 0:00:10]} 31. Nxd4 {[%clk 0:00:06]} Nxd4
{[%clk 0:00:11]} 32. Rxd4 {[%clk 0:00:07]} Rxc5 {[%clk 0:00:08]} 33. Rd8+
{[%clk 0:00:03]} Rxd8 {[%clk 0:00:07]} 34. Qxc5 {[%clk 0:00:04]} Bxc3
{[%clk 0:00:07]} 35. Qxc3 {[%clk 0:00:04]} Qxb1+ {[%clk 0:00:08]} 0-1